| 000 | 01314cam a22002175a 4500 | ||
|---|---|---|---|
| 001 | L137761 | ||
| 008 | 070427s2007 xxk f 000 0 eng d | ||
| 035 | _a(Sirsi) u137761 | ||
| 041 | 0 | _aeng | |
| 110 | 2 |
_aOffice of Fair Trading _91355 |
|
| 245 | 0 | 0 |
_aConsultation on revised guidance for the Unfair Terms in Consumer Contracts Regulations 1999 _h[electronic resource] |
| 260 | _c2007 | ||
| 490 | 0 | _aENTERPRISE ACT 2002 | |
| 490 | 0 | _aUNFAIR TERMS IN CONSUMER CONTRACTS REGULATIONS 1999 | |
| 520 | _aConsultation document concerns an analysis of unfair terms, the exclusion and limitation clauses, retention of payment on consumer cancellation, financial penalties, cancellation clauses, supplier's right to cancel without notice, excessive notice periods for consumer cancellation, supplier's rights to vary terms generally, right to change what is supplied, price variation clauses, supplier's right of final decision, entire agreement and formality clauses, supplier's right to assign without consent, and an analysis of other terms considered potentially unfair and terms breaching regulation. | ||
| 590 | _aKA | ||
| 651 | 4 |
_aEngland and Wales _y1543- |
|
| 690 | _aMANAGEMENT-BUSINESS MANAGEMENT | ||
| 856 | 4 | 0 |
_uhttps://www.oft.gov.uk/ _zView the item free of charge at www.oft.gov.uk... |
| 942 | _n0 | ||
| 999 |
_c106899 _d106899 |
||